Southville International School and Colleges
Your cart is empty.
  • Cart
  • Lists
    Public lists Eva Luna New books Lux_list list_1
    Your lists Log in to create your own lists
  • Log in to your account
  • Your cookies
  • Search history
Southville International School and Colleges
  • Advanced search
  • Recent comments
  • Most popular
  • Libraries

Log in to your account

Log in with GOOGLE


If you do not have an external account, but do have a local account, you can still log in:

  1. Home
  2. MARC view: Let's play! /
Normal view MARC view ISBD view

Let's play! / (Record no. 111597)

[ view plain ]
MARC details
000 -LEADER
fixed length control field 00352nam a2200145 a 4500
001 - CONTROL NUMBER
control field 1159
005 - DATE AND TIME OF LATEST TRANSACTION
control field 20140414131918.0
008 - FIXED-LENGTH DATA ELEMENTS--GENERAL INFORMATION
fixed length control field 040201s19uu xx 00 eng d
050 ## - LIBRARY OF CONGRESS CALL NUMBER
Classification number ER
Item number L46 1976
100 ## - MAIN ENTRY--PERSONAL NAME
Personal name Fujikawa, Gyo
245 ## - TITLE STATEMENT
Title Let's play! /
Statement of responsibility, etc Gyo Fujikawa.
260 ## - PUBLICATION, DISTRIBUTION, ETC. (IMPRINT)
Place of publication, distribution, etc Japan :
Name of publisher, distributor, etc Zokeisha,
Date of publication, distribution, etc 1976.
300 ## - PHYSICAL DESCRIPTION
Extent p. ; cm.
Holdings
Withdrawn status Lost status Damaged status Home library Current library Shelving location Date acquired Source of acquisition Total Checkouts Full call number Barcode Date last seen Price effective from Koha item type
      Munich Library Munich Library Easy Reading Section 02/01/2004     ER L46 1976 M2398 04/14/2014 04/14/2014 Books

Let's play! /

APA

Fujikawa G., . (1976). Let's play!. Japan: Zokeisha.

Chicago

Fujikawa Gyo, . 1976. Let's play!. Japan: Zokeisha.

Harvard

Fujikawa G., . (1976). Let's play!. Japan: Zokeisha.

MLA

Fujikawa Gyo, . Let's play!. Japan: Zokeisha. 1976.

  • Place hold
  • Print
  • Cite
  • Add to your cart (remove)
  • Save record
    BIBTEX Dublin Core MARCXML MARC (non-Unicode/MARC-8) MARC (Unicode/UTF-8) MARC (Unicode/UTF-8, Standard) MODS (XML) RIS
  • More searches
    Search for this title in:
    Other Libraries (WorldCat) Other Databases (Google Scholar) Online Stores (Bookfinder.com) Open Library (openlibrary.org)

Exporting to Dublin Core...

SOUTHVILLE LIBRARY

Southville International School and Colleges Library

1281 Tropical Ave. Cor. Luxembourg St., BF Homes International, Las Pinas City

Tel. No. 8256374 / 252358 Loc. 117/146

Powered by Koha